000 01312nam a22002537a 4500
005 20170124103104.0
010 _aB-069496
020 _c125.00
_a8175660317
035 _aB-069496
037 _bCen Lib/Ret
040 _aDPL
_bHN
082 _a921
_bसिन्हासु
100 _aसिन्हा, सुखसागर
_977743
245 _aमाताहारी :
_cसुखसागर सिन्हा
_bविश्व प्रसिद्ध नर्तकी एवं श्रेष्ठ महिला जासूस /
246 _aMatahari : vishw prasidh narataki evam shreshth mahila jasoos /
_bby Sukhsagar Sinha
260 _aदिल्ली
_bअविराम प्रकाशन
_c2001
270 _a29/62, गली-11, विश्वास नगर, शाहदरा
_bदिल्ली
_e110032
300 _a96पृ.
_c21सेमी (सजिल्द)
650 _aजीवनी--महिला जासूस
_95559
650 _aजीवनी--भारतीय शास्त्रीय नृत्य --माताहारी--
_977744
650 _aBiography--Indian classical dance---Matahari
_977745
650 _aBiography--Female Spy
_977746
942 _2ddc
_cHN
_h921
_mसिन्हासु
999 _c117970
_d117970